<?xml version="1.0" encoding="UTF-8"?>
<marc:record xmlns:marc="http://www.loc.gov/MARC21/slim">
   <marc:leader>00000nam a2200000 a 4500</marc:leader>
   <marc:datafield ind1="1" ind2=" " tag="100">
      <marc:subfield code="a">Derradj, Djennat</marc:subfield>
      <marc:subfield code="4">aut</marc:subfield>
      <marc:subfield code="e">Verfasser/-in</marc:subfield>
   </marc:datafield>
   <marc:datafield ind1="1" ind2=" " tag="100">
      <marc:subfield code="a">Meier, Martina</marc:subfield>
      <marc:subfield code="4">pht</marc:subfield>
      <marc:subfield code="e">Fotograf/-in</marc:subfield>
   </marc:datafield>
   <marc:datafield ind1="0" ind2="0" tag="245">
      <marc:subfield code="a">Kinderkram</marc:subfield>
   </marc:datafield>
   <marc:datafield ind1="0" ind2="0" tag="245">
      <marc:subfield code="b">Werken, Basteln, Selbermachen für die ganze Familie : Möbel, Spielzeug, Accessoires - über 80 kreative Ideen</marc:subfield>
   </marc:datafield>
   <marc:datafield ind1="0" ind2="0" tag="245">
      <marc:subfield code="c">Djennat Derradj, Martina Meier ; Wir Eltern</marc:subfield>
   </marc:datafield>
   <marc:datafield ind1=" " ind2="1" tag="264">
      <marc:subfield code="a">Aarau</marc:subfield>
      <marc:subfield code="b">AT Verlag</marc:subfield>
      <marc:subfield code="c">2017</marc:subfield>
   </marc:datafield>
   <marc:datafield ind1="1" ind2=" " tag="520">
      <marc:subfield code="a">Angaben aus der Verlagsmeldung

Kinderkram : Werken, Basteln, Selbermachen für die ganze Familie Möbel, Spielzeug, Accessoires - Über 80 kreative Ideen / von Djennat Derradj

Selbstgemachtes und individuell Gestaltetes hat heute einen ganz besonderen Wert. Mit den in diesem Buch versammelten Ideen schaffen Eltern und Kinder auf einfache Art Gegenstände mit emotionalem Wert. Schritt für Schritt entstehen Spielsachen, einzigartige Möbel fürs Kinderzimmer, originelle Lampen, Monsterkissen und Wandorganizer. Hinzu kommen Inspirationen für die grossen Tage im Jahr: Fasnacht, Ostern, Schuljahresbeginn und Weihnachten. Die kreativen Ideen wecken die Lust am Selbermachen, die detaillierten Schritt-für-Schritt-Anleitungen erleichtern die Umsetzung. Im Stil schnörkellos und farblich stimmig, machen sich die Objekte nicht nur im Kinderzimmer, sondern auch im Wohnzimmer gut. Kurz: Die Ideen vereinen das Schöne mit dem Praktischen. Das Buch ist entstanden aus Beiträgen der Rubrik »Selbermachen« in der Zeitschrift »wir eltern«.
</marc:subfield>
   </marc:datafield>
   <marc:datafield ind1=" " ind2=" " tag="020">
      <marc:subfield code="a">9783038009900</marc:subfield>
      <marc:subfield code="9">9783038009900</marc:subfield>
   </marc:datafield>
   <marc:datafield ind1=" " ind2=" " tag="020">
      <marc:subfield code="a">3038009903</marc:subfield>
      <marc:subfield code="9">3038009903</marc:subfield>
   </marc:datafield>
   <marc:datafield ind1=" " ind2=" " tag="041">
      <marc:subfield code="a">ger</marc:subfield>
   </marc:datafield>
   <marc:datafield ind1=" " ind2=" " tag="300">
      <marc:subfield code="a">173 Seiten</marc:subfield>
   </marc:datafield>
</marc:record>
